Ballon d'Or - classement 2025 - Statistiques

Statistiques générales
  • Ce quiz a été pris 78 fois
  • Le résultat moyen est 28 sur 30
Statistiques - réponses
Poste Club Nationalité Rang Réponse % Correct
Attaquant FC Barcelone Espagne 2 Lamine Yamal
100%
Attaquant Paris Saint-Germain France 1 Ousmane Dembélé
100%
Défenseur Paris Saint-Germain Maroc 6 Achraf Hakimi
97%
Milieu FC Barcelone Espagne 11 Pedri
97%
Milieu Paris Saint-Germain Portugal 3 Vitinha
97%
Gardien Paris Saint-Germain Italie 9 Gianluigi Donnarumma
96%
Attaquant Bayern Munich Angleterre 13 Harry Kane
96%
Milieu Paris Saint-Germain Portugal 19 João Neves
96%
Attaquant Real Madrid France 7 Kylian Mbappé
96%
Attaquant Liverpool FC Égypte 4 Mohamed Salah
96%
Défenseur Paris Saint-Germain Portugal 10 Nuno Mendes
96%
Attaquant FC Barcelone Pologne 17 Robert Lewandowski
96%
Attaquant Real Madrid Brésil 16 Vinícius
96%
Milieu Chelsea FC Angleterre 8 Cole Palmer
94%
Attaquant Manchester City Norvège 26 Erling Haaland
94%
Milieu Paris Saint-Germain Espagne 24 Fabián Ruiz
94%
Attaquant FC Barcelone Brésil 5 Raphinha
94%
Milieu Real Madrid Angleterre 23 Jude Bellingham
93%
Attaquant Inter Milan Argentine 20 Lautaro Martínez
93%
Milieu Paris Saint-Germain France 14 Désiré Doué
91%
Milieu Arsenal Angleterre 27 Declan Rice
90%
Attaquant Paris Saint-Germain Géorgie 12 Khvicha Kvaratskhelia
90%
Milieu Bayern Munich France 30 Michael Olise
90%
Milieu Naples Ecosse 18 Scott McTominay
90%
Attaquant Borussia Dortmund Guinée 21 Serhou Guirassy
90%
Attaquant Sporting Lisbonne Suède 15 Viktor Gyökeres
90%
Défenseur Liverpool Pays Bas 28 Virgil van Dijk
90%
Milieu Bayer Leverkusen Allemagne 29 Florian Wirtz
88%
Défenseur Inter Milan Pays Bas 25 Denzel Dumfries
87%
Milieu Liverpool Argentine 22 Alexis Mac Allister
83%
Aucun quiz correspondant
Distribution des résultats
% des personnes avec chaque résultat
Percentile par nombre de réponses
Votre historique - résultats
Vous n’avez pas pris ce quiz